| 000 | 00506nam a22001817a 4500 | ||
|---|---|---|---|
| 005 | 20221014130044.0 | ||
| 008 | 221014b ||||| |||| 00| 0 eng d | ||
| 040 | _cAL | ||
| 041 | _aEnglish | ||
| 082 |
_223 _a330.6 _bINTR |
||
| 100 |
_aITF _959573 |
||
| 245 | _aReport on Activities 1974-1975-1976 | ||
| 260 |
_aLondon _bITF _c1977 |
||
| 300 |
_a232 p. _bPB _c21x15 cm. |
||
| 650 |
_aDublin 21-29 July 1977 _959574 |
||
| 700 |
_aINTERNATIONAL TRANSPORT WORKERS FEDERATION(ITF) _959575 |
||
| 942 |
_2ddc _cGF |
||
| 999 |
_c224851 _d224851 |
||